[Event "POL-chT U19 2nd League"]
[Site "Szczyrk"]
[Date "2014.07.28"]
[Round "5.5"]
[White "Olechnicka, Karolina"]
[Black "Tracz, Marcelina"]
[Result "1-0"]
[WhiteElo "1723"]
[BlackElo "1760"]
[PlyCount "69"]
[EventDate "2014.07.25"]
[EventType "team-swiss"]
[EventRounds "11"]
[EventCountry "POL"]
[SourceTitle "EXT 2015"]
[Source "ChessBase"]
[SourceDate "2014.11.20"]
[SourceVersion "1"]
[SourceVersionDate "2014.11.20"]
[SourceQuality "1"]
[WhiteTeam "Tczew Skoczek U19"]
[BlackTeam "Wieliczka MKS MOS U19"]
[WhiteTeamCountry "POL"]
[BlackTeamCountry "POL"]

1. e4 e5 2. Nf3 Nc6 3. d4 exd4 4. Bc4 Nf6 5. e5 d5 6. Bb5 Ne4 7. Nxd4 Bd7 8. Bxc6 bxc6 9. 0-0 Bc5 10. f3 Ng5 11. f4 Ne4 12. Be3 0-0 13. Nd2 Nxd2 14. Qxd2 Qe7 15. Nb3 Bb6 16. Rae1 Bf5 17. Qc3 Qd7 18. Bc5 Rfe8 19. h3 h5 20. Re2 h4 21. Nd4 Be4 22. Kh2 Rab8 23. b3 Bxc5 24. Qxc5 Rb6 25. Nf3 Bxf3 26. Rxf3 Qe7 27. Qf2 f5 28. g4 hxg3+ 29. Rxg3 Qf7 30. Rg5 Re7 31. Qh4 c5 32. Rh5 Qe6 33. Rg2 Kf7 34. Rh8 Rd7 35. Rxg7+ 1-0

[Event "POL-chT U19 2nd League"]
[Site "Szczyrk"]
[Date "2014.07.26"]
[Round "3.5"]
[White "Olechnicka, Karolina"]
[Black "Momot, Weronika"]
[Result "1-0"]
[WhiteElo "1723"]
[BlackElo "1479"]
[PlyCount "105"]
[EventDate "2014.07.25"]
[EventType "team-swiss"]
[EventRounds "11"]
[EventCountry "POL"]
[SourceTitle "EXT 2015"]
[Source "ChessBase"]
[SourceDate "2014.11.20"]
[SourceVersion "1"]
[SourceVersionDate "2014.11.20"]
[SourceQuality "1"]
[WhiteTeam "Tczew Skoczek U19"]
[BlackTeam "Konin UKS Smecz U19"]
[WhiteTeamCountry "POL"]
[BlackTeamCountry "POL"]

1. e4 e6 2. d4 d5 3. Nc3 Nf6 4. e5 Nfd7 5. Be3 c5 6. f4 Nc6 7. Nf3 a6 8. Qd2 b5 9. Be2 Qb6 10. 0-0 cxd4 11. Nxd4 Nxd4 12. Bxd4 Bc5 13. Rad1 Bb7 14. Bg4 Bxd4+ 15. Qxd4 Qxd4+ 16. Rxd4 Rc8 17. f5 Ke7 18. Bh3 Rc4 19. Rd2 b4 20. Na4 Re4 21. fxe6 fxe6 22. Rdf2 Rxe5 23. Rf7+ Kd6 24. Rxg7 Re2 25. Rf2 Re1+ 26. Rf1 Rxf1+ 27. Kxf1 Rf8+ 28. Ke2 Bc6 29. b3 Nf6 30. Nb2 Ne4 31. Nd3 Nc3+ 32. Ke3 e5 33. Rxh7 d4+ 34. Kd2 Rf1 35. Rh6+ Kc7 36. Bg4 e4 37. Nxb4 Nb1+ 38. Ke2 Bb5+ 39. c4 dxc3+ 40. Ke3 Nd2 41. Nd5+ Kb7 42. Nxc3 Nxb3 43. Nxb5 axb5 44. axb3 Rb1 45. Kxe4 Rxb3 46. h4 Kc7 47. h5 Kd8 48. Rb6 Ke8 49. h6 Kf8 50. h7 Kg7 51. Rb7+ Kh8 52. Bf5 Rb4+ 53. Ke5 1-0